Anglo-Burmese relations, 1795-1826 /
Saved in:
| Main Author: | |
|---|---|
| Format: | Thesis Book |
| Language: | English |
| Published: |
[Hull, Yorks.],
1977.
|
| Subjects: | |
| Tags: |
Add Tag
No Tags, Be the first to tag this record!
|
| LEADER | 00860cam a2200253 a 4500 | ||
|---|---|---|---|
| 001 | u142884 | ||
| 003 | SIRSI | ||
| 008 | 920221s1977 uk b v 00 1 eng m | ||
| 035 | |a AAQ-6000 | ||
| 040 | |a UMM | ||
| 043 | |a a-br--- |a e-uk--- | ||
| 090 | |a DS530.62 |b Ram |c f | ||
| 100 | 1 | 0 | |a Ramachandra, Gangadharan Padmanabhan. |
| 245 | 1 | 0 | |a Anglo-Burmese relations, 1795-1826 / |c Gangadharan Padmanabhan Ramachandra. |
| 260 | |a [Hull, Yorks.], |c 1977. | ||
| 300 | |a vi, 508 leaves : |b maps. ; |c 30 cm. | ||
| 500 | |a Photocopy. | ||
| 502 | |a Thesis (Ph.D.) -- University of Hull, 1977. | ||
| 504 | |a Bibliography: leaves 500-508. | ||
| 651 | 0 | |a Burma |x Foreign relations |z Great Britain. | |
| 651 | 0 | |a Great Britain |x Foreign relations |z Burma. | |
| 948 | |a 21/02/1992 |b 13/08/2002 | ||
| 596 | |a 1 | ||
| 999 | |a DS530.62 RAM [F] |w LC |c 1 |i A505808817 |l STACKS |m P01UTAMA |r Y |s Y |t TESIS |u 11/3/1992 | ||
